|
|
|
|
| LEADER |
00843nab#a2200277#ar4500 |
| 001 |
000050621 |
| 003 |
SVKKK |
| 005 |
20041202135456.0 |
| 008 |
041130c2004 xo e slo |
| FMT |
|
|
|
| 038 |
|
|
|a SVKKK
|
| 040 |
|
|
|a SVKKK
|b slo
|e AACR2
|
| 041 |
0 |
|
|a slo
|
| 044 |
|
|
|a xo
|c SK
|
| 080 |
|
|
|a 061.3
|2 1997
|
| 080 |
|
|
|a 378
|2 1997
|
| 100 |
1 |
|
|a Rusnáková, Jurina
|4 aut
|
| 245 |
1 |
0 |
|a "Kultúra - priestor interdisciplinárneho myslenia" :
|b medzinárodné vedecké sympózium na Univerzite KF v Nitre
|c Jurina Rusnáková
|
| 650 |
0 |
4 |
|a edukácia
|x etnikum rómske
|x sympózium medzinárodné
|x Univerzita Konštantína Filozofa
|z Nitra (Slovensko)
|y 20. - 21. 9. 2004
|
| 773 |
0 |
|
|t Romano nevo ľil
|g Roč. 14, č. 664-667 (2004), s. 13
|
| 958 |
|
|
|a RQ
|
| 974 |
|
|
|a Fav
|
| 992 |
|
|
|a RBX
|
| BAS |
|
|
|
| 852 |
|
|
|a SVKKK
|b BIB
|
| 998 |
|
|
|a ROM
|